KOHA-Header-6

Data Structures in Java (Record no. 8611)

000 -LEADER
fixed length control field 00255nam a2200109Ia 4500
100 ## - MAIN ENTRY--AUTHOR NAME
Personal name Standish,Thomas
245 #0 - TITLE STATEMENT
Title Data Structures in Java
260 ## - PUBLICATION, DISTRIBUTION, ETC. (IMPRINT)
Place of publication India
Name of publisher Addision
Year of publication 2000
300 ## - PHYSICAL DESCRIPTION
Number of Pages 538
942 ## - ADDED ENTRY ELEMENTS (KOHA)
Koha item type Books
Holdings
Withdrawn status Lost status Collection code Permanent Location Current Location Shelving location Date acquired Full call number Accession Number Koha item type
    Computer Languages MAJU MAJU Shelf No.A18 2019-09-14 005.2 3460 Computer Languages

Powered by Koha